Harmonizácia DPH uplatňovanej v SR s európskou legislatívou diplomová práca

Salvato in:
Dettagli Bibliografici
Autore principale: Duchoňová, Barbora
Ente Autore: Fakulta hospodárskej informatiky EU. Katedra účtovníctva a audítorstva
Altri autori: Baštincová, Anna
Natura: Libro
Lingua:slovacco
Pubblicazione: Bratislava 2012
Tags: Aggiungi Tag
Nessun Tag, puoi essere il primo ad aggiungerne!!

MARC

LEADER 00000nbm a2200000 4500
001 0154732
005 20161109102141.0
041 0 |a slo 
044 |a SK 
245 1 0 |a Harmonizácia DPH uplatňovanej v SR s európskou legislatívou  |b diplomová práca  |c Barbora Duchoňová ; školiteľ: Anna Baštincová 
264 1 |a Bratislava  |c 2012 
300 |a 72 s. 
100 1 |a Duchoňová, Barbora 
700 1 |a Baštincová, Anna 
710 2 |a Fakulta hospodárskej informatiky EU. Katedra účtovníctva a audítorstva